[Event "Dubai op-B 23rd"]
[Site "Dubai"]
[Date "2023.05.29"]
[Round "3"]
[White "Bennett, John"]
[Black "Bashaer, Khalil"]
[Result "1-0"]
[WhiteElo "2000"]
[BlackElo "1477"]
[PlyCount "75"]
[EventDate "2023.05.27"]
[EventType "swiss"]
[EventRounds "9"]
[EventCountry "UAE"]
[SourceTitle "CBM 214 Extra"]
[Source "ChessBase"]
[SourceDate "2023.07.31"]
[SourceVersion "1"]
[SourceVersionDate "2023.07.31"]
[SourceQuality "1"]

1. c4 c5 2. Nf3 Nc6 3. Nc3 e6 4. g3 Nf6 5. Bg2 Be7 6. 0-0 0-0 7. d4 d5 8. cxd5 exd5 9. Bg5 c4 10. Ne5 Be6 11. b3 Qa5 12. Bxf6 Bxf6 13. Nxc6 bxc6 14. Rc1 cxb3 15. axb3 Rfc8 16. Na4 Qb4 17. e3 Rab8 18. Nc5 Rb6 19. f4 Rc7 20. Rf2 Be7 21. Nxe6 fxe6 22. Qg4 c5 23. Qh5 g6 24. Qe5 Rbc6 25. Bh3 Qb6 26. Rfc2 Kf7 27. Qh8 Qxb3 28. Qxh7+ Kf6 29. Rc3 Qb6 30. Bf1 Bf8 31. Qh4+ Kf7 32. Bd3 cxd4 33. Qh7+ Ke8 34. Bxg6+ Kd8 35. Qg8 Rxc3 36. Qxf8+ Kd7 37. Be8+ Kc8 38. Bc6# 1-0

[Event "Dubai op-B 23rd"]
[Site "Dubai"]
[Date "2023.05.28"]
[Round "2"]
[White "Bennett, John"]
[Black "Jaiveer, Mahendru"]
[Result "0-1"]
[WhiteElo "2000"]
[BlackElo "1716"]
[PlyCount "66"]
[EventDate "2023.05.27"]
[EventType "swiss"]
[EventRounds "9"]
[EventCountry "UAE"]
[SourceTitle "CBM 214 Extra"]
[Source "ChessBase"]
[SourceDate "2023.07.31"]
[SourceVersion "1"]
[SourceVersionDate "2023.07.31"]
[SourceQuality "1"]

1. c4 b6 2. Nc3 Bb7 3. e4 e5 4. Nf3 Nc6 5. Be2 Bc5 6. 0-0 d6 7. a3 a5 8. Rb1 Nge7 9. Na4 0-0 10. Nxc5 dxc5 11. d3 Qd6 12. Ne1 Nd4 13. f4 f5 14. fxe5 Qxe5 15. Bf4 Qe6 16. Nc2 fxe4 17. Nxd4 cxd4 18. dxe4 Qxe4 19. Bf3 Qxf4 20. Bxb7 Qxf1+ 21. Qxf1 Rxf1+ 22. Kxf1 Rf8+ 23. Ke2 c6 24. b4 Rb8 25. Ba6 axb4 26. Rxb4 Ng6 27. Kd2 c5 28. Rb3 Ne5 29. Bb5 Rf8 30. Ba6 Rf2+ 31. Kd1 Rxg2 32. Rxb6 d3 33. Re6 Nf3 0-1

[Event "BCF-ch Senior"]
[Site "Torquay"]
[Date "2013.08.06"]
[Round "3.60"]
[White "Bennett, John"]
[Black "Byway, Paul V"]
[Result "1/2-1/2"]
[WhiteElo "2008"]
[BlackElo "2140"]
[PlyCount "35"]
[EventDate "2013.08.03"]
[EventType "swiss"]
[EventRounds "7"]
[EventCountry "ENG"]
[SourceTitle "EXT 2023"]
[Source "ChessBase"]
[SourceDate "2022.10.05"]
[SourceVersion "1"]
[SourceVersionDate "2022.10.05"]
[SourceQuality "1"]

1. d4 Nf6 2. c4 e6 3. Nc3 d5 4. Nf3 Be7 5. Bf4 0-0 6. e3 c5 7. dxc5 Nc6 8. a3 Bxc5 9. Qc2 Qa5 10. Rd1 Be7 11. Be2 Ne4 12. cxd5 Nxc3 13. bxc3 exd5 14. 0-0 Be6 15. Rb1 Qxa3 16. Rxb7 g6 17. Rfb1 Bc8 18. R7b3 1/2-1/2

[Event "Al Ain op 1st"]
[Site "Al Ain"]
[Date "2012.12.25"]
[Round "4"]
[White "Bennett, John"]
[Black "Ali Marandi, Cemil Can"]
[Result "0-1"]
[WhiteElo "2066"]
[BlackElo "2354"]
[PlyCount "92"]
[EventDate "2012.12.22"]
[EventType "swiss"]
[EventRounds "9"]
[EventCountry "UAE"]
[SourceTitle "CBM 152 Extra"]
[Source "ChessBase"]
[SourceDate "2013.02.25"]
[SourceVersion "1"]
[SourceVersionDate "2013.02.25"]
[SourceQuality "1"]

1. d4 d5 2. c4 c6 3. Nf3 Nf6 4. Nc3 e6 5. cxd5 exd5 6. Qc2 Be7 7. Bf4 0-0 8. e3 Nbd7 9. Bd3 Re8 10. 0-0 Nf8 11. h3 Ne6 12. Bg3 g6 13. Ne5 Ng7 14. f4 Bf5 15. Bf2 Bxd3 16. Qxd3 Nf5 17. g4 Nd6 18. g5 Nfe4 19. Nxe4 Nxe4 20. h4 f6 21. Nf3 Qc8 22. Nh2 Bd6 23. Qe2 Qh3 24. gxf6 Nxf6 25. Qf3 Qf5 26. Rfe1 Rf8 27. Kg2 Rae8 28. Nf1 Ne4 29. Ng3 Nxg3 30. Bxg3 Re6 31. Re2 Rfe8 32. Rae1 c5 33. dxc5 Bxc5 34. Rd2 Re4 35. Red1 d4 36. exd4 Re3 37. Qf2 Bb4 38. Rc2 Be1 39. Rxe1 Rxe1 40. Rd2 Qe4+ 41. Kh3 Qh1+ 42. Kg4 h5+ 43. Kg5 Qe4 44. Qxe1 Qf5+ 45. Kh6 Rxe1 46. Bxe1 Qxf4+ 0-1

[Event "Dubai op 12th"]
[Site "Dubai"]
[Date "2010.04.07"]
[Round "3"]
[White "Bennett, John"]
[Black "Salem, AR Saleh"]
[Result "0-1"]
[WhiteElo "2160"]
[BlackElo "2483"]
[PlyCount "40"]
[EventDate "2010.04.05"]
[EventType "swiss"]
[EventRounds "9"]
[EventCountry "UAE"]
[SourceTitle "CBM 135 Extra"]
[Source "ChessBase"]
[SourceDate "2010.05.04"]
[SourceVersion "1"]
[SourceVersionDate "2010.05.04"]
[SourceQuality "1"]

1. d4 Nf6 2. c4 e6 3. Nc3 d5 4. Nf3 Be7 5. Bf4 0-0 6. e3 c5 7. dxc5 Bxc5 8. Qc2 Nc6 9. a3 Qa5 10. Rd1 Re8 11. Nd2 e5 12. Nb3 Qb6 13. Bg5 Nd4 14. exd4 exd4+ 15. Be2 dxc4 16. Na4 d3 17. Nxb6 dxc2 18. Rc1 Bxb6 19. Na1 Ng4 20. Bh4 Bf5 0-1

[Event "Southend op"]
[Site "London"]
[Date "1999.04.03"]
[Round "3"]
[White "Bennett, John"]
[Black "Tippleston, Charles E"]
[Result "0-1"]
[WhiteElo "2132"]
[BlackElo "2165"]
[PlyCount "75"]
[EventDate "1999.04.02"]
[EventType "swiss"]
[EventRounds "7"]
[EventCountry "ENG"]
[SourceTitle "EXT 2002"]
[Source "ChessBase"]
[SourceDate "2001.11.25"]
[SourceVersion "1"]
[SourceVersionDate "2001.11.25"]
[SourceQuality "1"]

1. d4 d5 2. c4 c6 3. Nc3 dxc4 4. Nf3 Nf6 5. e4 b5 6. Be2 e6 7. 0-0 Bb7 8. a4 a6 9. e5 Nd5 10. Ne4 h6 11. Be3 Nd7 12. Nfd2 Be7 13. Qe1 Qc7 14. Bh5 g6 15. Bg4 Nb4 16. Qb1 Rd8 17. Bxe6 Nf8 18. Bg4 Bc8 19. Be2 Ne6 20. Nf3 Nd5 21. Qc1 Nxe3 22. Qxe3 Ng7 23. Nf6+ Kf8 24. Rad1 Nf5 25. Qe4 Bxf6 26. exf6 Re8 27. Ne5 Bb7 28. Bf3 Re6 29. Qf4 Qd8 30. g4 Nh4 31. Bh1 g5 32. Qe3 Rxf6 33. Rfe1 Kg7 34. axb5 axb5 35. Qe4 Ng6 36. Nxg6 Rxg6 37. Qe5+ Qf6 38. Qc7 0-1

[Event "Geneve op"]
[Site "Geneve"]
[Date "1999.01.30"]
[Round "8"]
[White "Velikhanli, Firuza"]
[Black "Bennett, John"]
[Result "1/2-1/2"]
[WhiteElo "2312"]
[BlackElo "2132"]
[PlyCount "74"]
[EventDate "1999.01.23"]
[EventType "swiss"]
[EventRounds "7"]
[EventCountry "SUI"]
[SourceTitle "CBM 068 Extra"]
[Source "ChessBase"]
[SourceDate "1999.03.01"]
[SourceVersion "1"]
[SourceVersionDate "1999.03.01"]
[SourceQuality "1"]

1. e4 c5 2. Nf3 Nc6 3. Bb5 e6 4. b3 Nge7 5. Bb2 a6 6. Be2 d5 7. exd5 Nxd5 8. g3 Nf6 9. 0-0 b5 10. a4 b4 11. Ne5 Nxe5 12. Bxe5 Bb7 13. Bf3 Bxf3 14. Qxf3 Qd5 15. Qe2 Be7 16. d3 0-0 17. Nd2 Nd7 18. Bb2 Bf6 19. Bxf6 Nxf6 20. Nc4 Nd7 21. Rae1 Rad8 22. Qd2 Qc6 23. Re2 Nf6 24. Rfe1 Rd5 25. Re5 Rfd8 26. Qe2 Qc7 27. f4 g6 28. a5 h5 29. Qf3 Rd4 30. R5e2 Kg7 31. Ne5 R4d6 32. h3 Nd7 33. g4 hxg4 34. hxg4 Rd5 35. Rh2 Nxe5 36. fxe5 Rxe5 37. Rf1 f5 1/2-1/2

[Event "Geneve op"]
[Site "Geneve"]
[Date "1999.01.29"]
[Round "7"]
[White "Bennett, John"]
[Black "Paleologu, Vladimir"]
[Result "1-0"]
[WhiteElo "2132"]
[BlackElo "2072"]
[PlyCount "45"]
[EventDate "1999.01.23"]
[EventType "swiss"]
[EventRounds "7"]
[EventCountry "SUI"]
[SourceTitle "CBM 068 Extra"]
[Source "ChessBase"]
[SourceDate "1999.03.01"]
[SourceVersion "1"]
[SourceVersionDate "1999.03.01"]
[SourceQuality "1"]

1. d4 f5 2. g3 g6 3. Bg2 Bg7 4. Nc3 Nf6 5. e4 fxe4 6. Nxe4 Nc6 7. Nxf6+ exf6 8. Ne2 d5 9. Nf4 Ne7 10. 0-0 c6 11. c4 dxc4 12. Qe2 0-0 13. Qxc4+ Kh8 14. Re1 Nf5 15. d5 Nd6 16. Qb3 cxd5 17. Nxd5 f5 18. Bf4 Ne4 19. Bxe4 fxe4 20. Rxe4 Bd7 21. Qxb7 Rf7 22. Rae1 Be6 23. Nc7 1-0

[Event "Neuchatel op"]
[Site "Neuchatel"]
[Date "1999.??.??"]
[Round "3"]
[White "Bennett, John"]
[Black "Lazarev, Vladimir"]
[Result "0-1"]
[WhiteElo "2130"]
[BlackElo "2510"]
[PlyCount "50"]
[EventDate "1999.05.??"]
[EventType "swiss"]
[EventRounds "7"]
[EventCountry "SUI"]
[SourceTitle "EXT 2007"]
[Source "ChessBase"]
[SourceDate "2006.11.23"]
[SourceVersion "1"]
[SourceVersionDate "2006.11.23"]
[SourceQuality "1"]

1. d4 Nf6 2. c4 c5 3. d5 b5 4. cxb5 a6 5. b6 Qxb6 6. Nc3 d6 7. e4 g6 8. a4 Bg7 9. a5 Qb4 10. Ra4 Qb7 11. Bc4 Bd7 12. Ra3 Qb4 13. Qd3 0-0 14. Bd2 Qxb2 15. Ra2 Qb7 16. f4 Bb5 17. Nxb5 axb5 18. Bxb5 c4 19. Bxc4 Nbd7 20. a6 Qb8 21. Qc2 Rc8 22. Nf3 Nb6 23. Rb2 Rxc4 24. Qb3 Rxe4+ 25. Kf1 Nfxd5 0-1

[Event "Neuchatel op"]
[Site "Neuchatel"]
[Date "1999.??.??"]
[Round "6"]
[White "Conquest, Stuart"]
[Black "Bennett, John"]
[Result "1-0"]
[WhiteElo "2475"]
[BlackElo "2130"]
[PlyCount "46"]
[EventDate "1999.05.??"]
[EventType "swiss"]
[EventRounds "7"]
[EventCountry "SUI"]
[SourceTitle "EXT 2007"]
[Source "ChessBase"]
[SourceDate "2006.11.23"]
[SourceVersion "1"]
[SourceVersionDate "2006.11.23"]
[SourceQuality "1"]

1. e4 c5 2. Nf3 Nc6 3. c3 d6 4. d4 Nf6 5. Be2 g6 6. 0-0 Bg7 7. d5 Nb8 8. Bf4 0-0 9. Nbd2 Bg4 10. Qc2 Nbd7 11. Rfe1 a6 12. a4 Rb8 13. a5 Nh5 14. Bg5 b6 15. Be3 f5 16. exf5 gxf5 17. h3 Bxf3 18. Bxf3 Qe8 19. Qd1 Ndf6 20. Ra4 Qf7 21. Rh4 f4 22. Bxf4 Nxf4 23. Rxf4 Rbe8 1-0

[Event "Southend op"]
[Site "London"]
[Date "1998.04.11"]
[Round "3"]
[White "Bennett, John"]
[Black "Roberts, Jason"]
[Result "0-1"]
[WhiteElo "1768"]
[BlackElo "1760"]
[PlyCount "114"]
[EventDate "1998.04.10"]
[EventType "swiss"]
[EventRounds "7"]
[EventCountry "ENG"]
[SourceTitle "EXT 2001"]
[Source "ChessBase"]
[SourceDate "2000.11.22"]
[SourceVersion "1"]
[SourceVersionDate "2000.11.22"]
[SourceQuality "1"]

1. Nf3 d6 2. d4 Nf6 3. c4 Nbd7 4. Nc3 e5 5. Bg5 exd4 6. Qxd4 Be7 7. e3 Nc5 8. Nd5 Nxd5 9. Qxd5 Be6 10. Bxe7 Qxe7 11. Qd4 0-0 12. Bd3 Nxd3+ 13. Qxd3 Qf6 14. Qd4 Qxd4 15. Nxd4 Bxc4 16. Rc1 Bd5 17. Rxc7 Bxg2 18. Rg1 Bd5 19. Nf5 Bxa2 20. Kd2 g6 21. Ne7+ Kg7 22. Ra1 Be6 23. Rxb7 Rfb8 24. Rxb8 Rxb8 25. e4 Rxb2+ 26. Ke3 Ra2 27. Rxa2 Bxa2 28. Nc6 a6 29. Nb4 Bc4 30. Kd4 Bb5 31. Kd5 a5 32. Nc2 a4 33. Kxd6 Bd3 34. Na3 Bxe4 35. Ke5 Bf5 36. f3 Be6 37. Nc2 Bb3 38. Na3 f6+ 39. Kf4 Kf7 40. Ke3 Ke6 41. Kd4 Kf5 42. Ke3 Ke5 43. f4+ Kf5 44. h3 h5 45. Nb5 g5 46. fxg5 Kxg5 47. Kf3 Kh4 48. Kg2 f5 49. Na3 f4 50. Nb5 Bd5+ 51. Kh2 f3 52. Nd4 a3 53. Nc2 a2 54. Nd4 Kg5 55. Nc2 f2 56. Nd4 a1Q 57. h4+ Kf6 0-1